Phenomenon of Nehru (Record no. 347508)

000 -LEADER
fixed length control field 00326cam a22001217a 4500
008 - FIXED-LENGTH DATA ELEMENTS--GENERAL INFORMATION
fixed length control field 180718b1979 xxu||||| |||| 00| 0 eng d
082 ## - DEWEY DECIMAL CLASSIFICATION NUMBER
Classification number A99 N315 K149
100 ## - MAIN ENTRY--PERSONAL NAME
Personal name Karunakaran, K.P.
245 ## - TITLE STATEMENT
Title Phenomenon of Nehru
Statement of responsibility, etc. by K.P. Karunakaran
260 ## - PUBLICATION, DISTRIBUTION, ETC.
Place of publication, distribution, etc. Delhi
Name of publisher, distributor, etc. Gitanjaili
Date of publication, distribution, etc. 1979
300 ## - PHYSICAL DESCRIPTION
Extent 219p.
650 ## - SUBJECT ADDED ENTRY--TOPICAL TERM
Topical term or geographic name entry element Nehru, Jawaharlal
Holdings
Withdrawn status Lost status Damaged status Not for loan Permanent Location Current Location Date acquired Full call number Barcode Date last seen Price effective from Koha item type
        Indian Institute of Public Administration Indian Institute of Public Administration 1993-10-18 A99 N315 K149 54664 2018-07-21 2018-07-21 Book

Powered by Koha